00563nam a2200157 a 450000500170000000800410001702000180005805000390007610000250011524500940014026000520023430000110028644000350029765000320033265000410036420140412111357.0051104s19uu xx 00 eng d a0-02-661382-4 aTR(GS 372.4bA1 L.1-B.2 (RWW) B.M. aAdams, Marilyn Jager aReading and writing workbook, L.1-B.2 :bblackline masters /cMarilyn Jager Adams, et al. aColumbus, Ohio :bSRA/McGraw-Hill Comp,c20002. a119 p. aSRA open court reading, Orange aReadingxStudy and teaching aEnglish languagexStudy and teaching